Principy a problémy operačního systému UNIX

Saved in:
Bibliographic Details
Main Author: Skočovský, Luděk
Format: Book
Language:Czech
Published: Veletiny SCIENCE 1993
Edition:1. vyd.
Subjects:
Tags: Add Tag
No Tags, Be the first to tag this record!

MARC

LEADER 00000nam a2200000 4500
001 c006179
005 20221206074920.5
020 |a 80-901475-0-X 
041 0 |a cze 
044 |a CZ 
245 1 0 |a Principy a problémy operačního systému UNIX  |c Luděk Skočovský 
250 |a 1. vyd. 
264 1 |a Veletiny  |b SCIENCE  |c 1993 
300 |a 288 s. 
610 2 0 |a počítače 
610 2 0 |a systémy operačné 
610 2 0 |a softvér 
610 2 0 |a UNIX 
610 2 0 |a programovanie 
100 1 |a Skočovský, Luděk